Propuesta de diseño para el reemplazo del sistema de agua potable en la comunidad Never Oporta, San Miguelito, Rio San Juan
El proyecto de diseño del sistema de abastecimiento de agua potable de la comunidad Never Oporta, municipio de San Miguelito, departamento de Rio San Juan tiene un costo total directo de C
| Main Authors: | , , |
|---|---|
| Other Authors: | |
| Format: | Tesis Section = Libro |
| Language: | Undetermined Spanish |
| Published: |
Managua
UNI
2021
|
| Subjects: |
| LEADER | 01205nam a2200289Ia 4500 | ||
|---|---|---|---|
| 008 | 240830s9999 xx 000 0 und d | ||
| 040 | |a BIBLIOTECA-RUPAP/ Mon 628.72 A284 | ||
| 041 | |a spa | ||
| 082 | |a Mon 628.72 A284 | ||
| 100 | 1 | |a Aguirre Orozco, Jairo Otoniel | |
| 100 | 1 | |b Aguirrez Orozco, Luis Enrique | |
| 100 | 1 | |c Pérez Torrez, Kelly Julisa | |
| 245 | 1 | 0 | |a Propuesta de diseño para el reemplazo del sistema de agua potable en la comunidad Never Oporta, San Miguelito, Rio San Juan |
| 260 | |a Managua |b UNI |c 2021 | ||
| 300 | |a 99 p.:il. | ||
| 500 | |a Contiene: anexos y CD. | ||
| 502 | |a Tesis (Ingeniero Civil)- UNI, 2021. | ||
| 520 | 3 | |a El proyecto de diseño del sistema de abastecimiento de agua potable de la comunidad Never Oporta, municipio de San Miguelito, departamento de Rio San Juan tiene un costo total directo de C | 1,023,301.46. El costo per cápita asciende a C | 931.12 córdobas. | |
| 650 | 7 | |a AGUA POTABLE | |
| 650 | 7 | |b ABASTECIMIENTO DE AGUA | |
| 650 | 7 | |c CONSUMO DE AGUA | |
| 650 | 7 | |d ACUEDUCTOS-DISEÑO Y CONSTRUCCION | |
| 650 | 7 | |e CALIDAD DEL AGUA | |
| 700 | 1 | |a Tutor: |b Baldizón Aguilar, María Elena | |
| 942 | |c BK |2 ddc | ||
| 991 | |a TESIS | ||
| 999 | |c 19016 | ||